01006nam a2200217Ia 4500952009700000999001700097008004100114020001500155050002200170100004400192245006900236260002800305300003600333500003700369504002600406505020300432519004300635650005200678650004600730942001200776 00104070a03b03d2015-07-29l0oQD31.3 M67 2005p03 008170r2015-07-29t1w2015-07-29yLB c53653d53653120603s2005 mx a 000 0 spa d a9709807137 aQD31.3 bM67 2005 aMora González, Víctor Manueleautor aQuímica 1b : bachilleratoc / Víctor Manuel Mora González aMéxicob : Stc, 2005 a233 páginasb : ilustraciones aIncluye: glosario (pp. 222-232)  aBibliografia (p. 233) aObjeto de estudio de la química Estructura atómica y tabla periódica Enlace químico, modelos de enlaces e interacciones moleculares Reacción química Manual de prácticas de laboratorio  aMaterial Complementario /d(03 008170) 0aQUIMICAxESTUDIO Y ENSEÑANZA (MEDIA SUPERIOR) 0aQUIMICA INORGANICAxESTUDIO Y ENSEÑANZA 2lcccLB